A33_男性人口の超過人数TOP100の市区町村 - Statistics

General Stats
  • This quiz has been taken 6 times
  • The average score is 72 of 100
Answer Stats
順位 都道府
県名
種類 男性の
超過人数
(人)
市町村名 % Correct
1 愛知県 17,140 豊田市
100%
56 茨城県 1,208 八千代町
100%
58 埼玉県 1,120 蕨市
100%
86 神奈川県 743 海老名市
100%
2 神奈川県 16,531 川崎市
83%
3 埼玉県 8,293 川口市
83%
4 千葉県 8,233 市原市
83%
5 神奈川県 7,304 厚木市
83%
6 愛知県 6,936 刈谷市
83%
7 群馬県 5,971 太田市
83%
8 千葉県 4,900 市川市
83%
9 愛知県 4,776 岡崎市
83%
10 愛知県 4,407 安城市
83%
12 茨城県 4,328 つくば市
83%
13 東京都 特別区 4,216 江戸川区
83%
14 東京都 特別区 4,120 中野区
83%
16 東京都 特別区 3,810 台東区
83%
17 埼玉県 3,495 八潮市
83%
18 茨城県 2,954 神栖市
83%
19 栃木県 2,792 小山市
83%
21 愛知県 2,264 西尾市
83%
22 茨城県 2,179 坂東市
83%
26 東京都 特別区 2,023 新宿区
83%
27 愛知県 1,998 碧南市
83%
28 茨城県 1,972 古河市
83%
29 茨城県 1,955 鉾田市
83%
31 群馬県 1,931 大泉町
83%
32 静岡県 1,906 湖西市
83%
33 神奈川県 1,876 綾瀬市
83%
35 埼玉県 1,772 草加市
83%
36 静岡県 1,761 御殿場市
83%
37 静岡県 1,722 磐田市
83%
39 愛知県 1,667 小牧市
83%
41 茨城県 1,609 鹿嶋市
83%
47 千葉県 1,468 君津市
83%
49 茨城県 1,433 ひたちなか市
83%
51 愛知県 1,428 大府市
83%
52 静岡県 1,389 袋井市
83%
60 埼玉県 1,094 朝霞市
83%
62 神奈川県 1,048 相模原市
83%
63 埼玉県 1,040 三郷市
83%
66 千葉県 967 袖ケ浦市
83%
70 愛知県 943 豊橋市
83%
76 千葉県 879 富津市
83%
78 神奈川県 869 寒川町
83%
79 静岡県 864 掛川市
83%
81 栃木県 837 宇都宮市
83%
85 東京都 特別区 790 豊島区
83%
95 茨城県 589 土浦市
83%
11 愛知県 4,360 東海市
67%
20 埼玉県 2,294 戸田市
67%
23 埼玉県 2,172 和光市
67%
24 愛知県 2,169 高浜市
67%
25 滋賀県 2,131 湖南市
67%
30 千葉県 1,945 八街市
67%
34 神奈川県 1,871 愛川町
67%
40 群馬県 1,628 伊勢崎市
67%
42 神奈川県 1,594 伊勢原市
67%
43 愛知県 1,514 みよし市
67%
45 広島県 1,499 東広島市
67%
46 愛知県 1,497 半田市
67%
48 三重県 1,459 いなべ市
67%
53 三重県 1,362 四日市市
67%
54 千葉県 1,245 木更津市
67%
59 栃木県 1,102 真岡市
67%
61 愛知県 1,052 豊明市
67%
64 沖縄県 1,014 糸満市
67%
65 青森県 1,000 六ヶ所村
67%
67 茨城県 955 下妻市
67%
73 茨城県 922 常総市
67%
74 東京都 921 青梅市
67%
75 沖縄県 896 宮古島市
67%
84 千葉県 810 野田市
67%
88 沖縄県 714 石垣市
67%
90 神奈川県 611 秦野市
67%
91 茨城県 610 小美玉市
67%
93 静岡県 597 菊川市
67%
94 茨城県 595 東海村
67%
96 三重県 576 亀山市
67%
97 東京都 567 瑞穂町
67%
98 東京都 552 羽村市
67%
99 東京都 528 福生市
67%
100 静岡県 519 御前崎市
67%
15 愛知県 3,942 知立市
50%
38 北海道 1,671 千歳市
50%
44 栃木県 1,506 高根沢町
50%
55 愛知県 1,242 田原市
50%
57 千葉県 1,191 富里市
50%
68 茨城県 954 結城市
50%
69 栃木県 946 上三川町
50%
71 茨城県 931 かすみがうら市
50%
72 宮城県 923 大和町
50%
77 千葉県 877 山武市
50%
80 山梨県 859 忍野村
50%
82 埼玉県 826 加須市
50%
87 茨城県 721 境町
50%
89 愛知県 655 幸田町
50%
92 愛知県 603 知多市
50%
50 福岡県 1,433 苅田町
33%
83 北海道 814 倶知安町
17%
No matching quizzes found
Score Distribution
Percent of People with Each Score
Percentile by Number Answered
Your Score History
You have not taken this quiz